000 00526cam a2200193ua 4500
001 4296
008 111223n ii |||gr||||Z||||||asm
020 _a81-87866-03-9
040 _cMAIN
082 _a305.4
100 _aGuha, Anima,
245 1 1 _aTriteeya biswa bashineer dristit naree aru samaj
_cby Anima Guha
250 _a1st.
260 _aGuwahati:
_bPuberun Prakash,
_c2000.
300 _a166p:
_c23cm.
653 _aSocial group of women
653 _aTriteeya biswa bashineer dristit naree aru samaj
942 _cBK
999 _c4115
_d4115